अशी ही पुलंची फुलराणी (Record no. 435189)

MARC details
000 -LEADER
fixed length control field 00486nam a2200145Ia 4500
008 - FIXED-LENGTH DATA ELEMENTS--GENERAL INFORMATION
fixed length control field 100122s9999 xx 000 0 und d
082 ## - DEWEY DECIMAL CLASSIFICATION NUMBER
Item number 59866
Classification number 920.72
100 ## - MAIN ENTRY--PERSONAL NAME
Personal name गानू सुजाता
245 ## - TITLE STATEMENT
Title अशी ही पुलंची फुलराणी
260 ## - PUBLICATION, DISTRIBUTION, ETC. (IMPRINT)
Name of publisher, distributor, etc संयम
Date of publication, distribution, etc 2001
300 ## - PHYSICAL DESCRIPTION
Extent 127
630 ## - SUBJECT ADDED ENTRY--UNIFORM TITLE
Uniform title अशी ही पुलंची फुलराणी
730 ## - ADDED ENTRY--UNIFORM TITLE
Uniform title अशी ही पुलंची फुलराणी
942 ## - ADDED ENTRY ELEMENTS (KOHA)
Koha item type Book
Holdings
Withdrawn status Lost status Damaged status Not for loan Home library Current library Date acquired Cost, normal purchase price Total Checkouts Full call number Barcode Date last seen Cost, replacement price Price effective from Koha item type Public note
        S.V. Pathak Library, Vile Parle S.V. Pathak Library, Vile Parle 07/07/2001 150.00   59866 SVPPARLE-59866 01/25/2010 150.00 01/25/2010 Book General NA